Ładuje się......
Natural Supernaturalism: tradition and revolution in Romantic Literature
| 1. autor: | |
|---|---|
| Format: | Printed Book |
| Język: | English |
| Wydane: |
New York:
W.W.Norton& Company,
2002.
|
| LEADER | 00530nam a2200133Ia 4500 | ||
|---|---|---|---|
| 008 | 111205s9999 xx 000 0 eng d | ||
| 020 | |a 9780393006094 | ||
| 100 | |a Abrams,M.H. | ||
| 245 | |a Natural Supernaturalism: tradition and revolution in Romantic Literature |c Abrams,M.H. | ||
| 260 | |b W.W.Norton& Company, |a New York: |c 2002. | ||
| 300 | |b 550p. | ||
| 942 | |c BK |2 ddc | ||
| 999 | |c 227865 |d 227865 | ||
| 952 | |0 0 |1 0 |4 0 |6 E_809_000000000000000_ABR_N |7 0 |9 251589 |a MAL |b MAL |c ST1 |d 2011-12-05 |g 0.00 |l 0 |o E 809 ABR/N |p MAL28262 |r 2015-04-13 |v 195.00 |w 2018-08-20 |y BK | ||